The nonprofit handbook (Record no. 89016)

MARC details
000 -LEADER
campo de control de longitud fija 01734cam a2200481 i 4500
001 - NÚMERO DE CONTROL
campo de control MOR01000089336
003 - IDENTIFICADOR DE NÚMERO DE CONTROL
campo de control mxdfmo
005 - FECHA Y HORA DE LA ÚLTIMA TRANSACCIÓN
campo de control 20260331145413.0
007 - CAMPO FIJO DE DESCRIPCIÓN FÍSICA--INFORMACIÓN GENERAL
campo de control de longitud fija ta
008 - DATOS DE LONGITUD FIJA--INFORMACIÓN GENERAL
campo de control de longitud fija 081009s2001 nyua g bf 001 0 eng d
020 ## - NÚMERO INTERNACIONAL ESTÁNDAR DEL LIBRO
Número Internacional Estándar del Libro 0-471-40304-0 (tela)
035 ## - NÚMERO DE CONTROL DEL SISTEMA
Número de control de sistema 082350
040 ## - FUENTE DE CATALOGACIÓN
Centro catalogador/agencia de origen mxcmmo
Lengua de catalogación spa
Normas de descripción rda
Centro/agencia transcriptor mxcmmo
041 0# - CÓDIGO DE IDIOMA
Código de lengua del texto/banda sonora o título independiente eng
082 04 - NÚMERO DE LA CLASIFICACIÓN DECIMAL DEWEY
Número de clasificación 658.15
Número de ítem NON.h
245 04 - MENCIÓN DEL TÍTULO
Título The nonprofit handbook
Nombre de parte o sección de la obra : Fund raising/
Mención de responsabilidad, etc. ed. by James M. Greenfield ; preface Jim Greenfield
246 30 - FORMA VARIANTE DEL TITULO
Título propio/Titulo breve Fund raising
250 ## - MENCION DE EDICION
Mención de edición 3rd ed.
264 #1 - PRODUCCIÓN, PUBLICACIÓN, DISTRIBUCIÓN, FABRICACIÓN Y COPYRIGHT
Producción, publicación, distribución, fabricación y copyright New York :
Nombre del de productor, editor, distribuidor, fabricante John Wiley and Sons,
Fecha de producción, publicación, distribución, fabricación o copyright 2001.
300 ## - DESCRIPCIÓN FÍSICA
Extensión xxii, 1154 páginas:
Otras características físicas ilustraciones;
Dimensiones 26 cm
336 ## - TIPO DE CONTENIDO
Término de tipo de contenido texto
Código de tipo de contenido txt
Fuente rdacontent
337 ## - TIPO DE MEDIO
Nombre/término del tipo de medio sin medio
Código del tipo de medio n
Fuente rdamedia
338 ## - TIPO DE SOPORTE
Nombre/término del tipo de soporte volumen
Código del tipo de soporte nc
Fuente rdacarrier
490 #4 - MENCIÓN DE SERIE
Mención de serie The AFP/Wiley fund development series
504 ## - NOTA DE BIBLIOGRAFÍA, ETC.
Nota de bibliografía, etc. Nota Incluye bibliografías e índice
650 #7 - PUNTO DE ACCESO ADICIONAL DE MATERIA--TÉRMINO DE MATERIA
Término de materia o nombre geográfico como elemento de entrada Organizaciones no lucrativas
Subdivisión general Finanzas
-- Manuales, etc.
9 (RLIN) 153056
700 1# - ENTRADA AGREGADA--NOMBRE PERSONAL
Nombre de persona Greenfield, James M.
Término indicativo de función/relación editor
9 (RLIN) 153057
700 1# - ENTRADA AGREGADA--NOMBRE PERSONAL
Nombre de persona Greenfield, Jim
Término indicativo de función/relación prologuista
9 (RLIN) 153058
856 4# - LOCALIZACIÓN Y ACCESO ELECTRÓNICOS
Nota pública Acceso electrónico a Tabla de Contenido
Identificador Uniforme de Recurso <a href="http://www.loc.gov/catdir/toc/onix06/00061962.html">http://www.loc.gov/catdir/toc/onix06/00061962.html</a>
900 ## - ELEMENTOS DE DATOS A LOCAL, LDA (RLIN)
Nombre de persona BATCH-UPD
Numeración 40
Títulos y otros términos asociados al nombre 20120321
Lenguaje de la obra MOR01
-- 1719
900 ## - ELEMENTOS DE DATOS A LOCAL, LDA (RLIN)
Nombre de persona BATCH-UPD
Numeración Verónica Silva
Títulos y otros términos asociados al nombre 20120323
Lenguaje de la obra MOR01
-- 1753
900 ## - ELEMENTOS DE DATOS A LOCAL, LDA (RLIN)
Nombre de persona BATCH
Numeración 00
Títulos y otros términos asociados al nombre 20120322
Lenguaje de la obra MOR01
-- 1741
900 ## - ELEMENTOS DE DATOS A LOCAL, LDA (RLIN)
Nombre de persona GERMAN
Numeración 30
Títulos y otros términos asociados al nombre 20081009
Lenguaje de la obra MOR01
-- 1334
900 ## - ELEMENTOS DE DATOS A LOCAL, LDA (RLIN)
Nombre de persona GERMAN
Numeración 30
Títulos y otros términos asociados al nombre 20081009
Lenguaje de la obra MOR01
-- 1334
900 ## - ELEMENTOS DE DATOS A LOCAL, LDA (RLIN)
Nombre de persona KLAS
Numeración 30
Títulos y otros términos asociados al nombre 20081023
Lenguaje de la obra MOR01
-- 1022
900 ## - ELEMENTOS DE DATOS A LOCAL, LDA (RLIN)
Nombre de persona KLAS
Numeración 30
Títulos y otros términos asociados al nombre 20081023
Lenguaje de la obra MOR01
-- 1024
900 ## - ELEMENTOS DE DATOS A LOCAL, LDA (RLIN)
Nombre de persona KLAS
Numeración 30
Títulos y otros términos asociados al nombre 20081023
Lenguaje de la obra MOR01
-- 1024
900 ## - ELEMENTOS DE DATOS A LOCAL, LDA (RLIN)
Nombre de persona MARY
Numeración 05
Títulos y otros términos asociados al nombre 20081008
Lenguaje de la obra MOR01
-- 1030
900 ## - ELEMENTOS DE DATOS A LOCAL, LDA (RLIN)
Nombre de persona MARY
Numeración 05
Títulos y otros términos asociados al nombre 20081008
Lenguaje de la obra MOR01
-- 1030
900 ## - ELEMENTOS DE DATOS A LOCAL, LDA (RLIN)
Nombre de persona VOBO
Numeración 40
Títulos y otros términos asociados al nombre 20081128
Lenguaje de la obra MOR01
-- 1331
904 ## - ELEMENTOS DE DATOS D LOCAL, LDD (RLIN)
a UPDATE
942 ## - ELEMENTOS DE ENTRADA SECUNDARIOS (KOHA)
Código de la institución [OBSOLETO] BK
901 ## - ELEMENTOS DE DATOS A LOCAL LDA (RLIN)
a batch batch
Holdings
Estatus retirado Estado de pérdida Fuente del sistema de clasificación o colocación Estado de daño No para préstamo Colección Biblioteca de origen Biblioteca actual Ubicación en estantería Fecha de adquisición Fuente de adquisición Número de inventario Total de préstamos Signatura topográfica completa Código de barras Visto por última vez Precio de reemplazo Tipo de ítem Koha
    Clasificación Decimal Dewey     Libros (General) Biblioteca Instituto Mora Biblioteca Instituto Mora Regular 09/10/2008   115268   (G)/658.15 NON.h 33068001213139 03/09/2024 03/09/2024 Libro préstamo regular